<?xml version="1.0" encoding="UTF-8"?>
<record
    xmlns:xsi="http://www.w3.org/2001/XMLSchema-instance"
    xsi:schemaLocation="http://www.loc.gov/MARC21/slim http://www.loc.gov/standards/marcxml/schema/MARC21slim.xsd"
    xmlns="http://www.loc.gov/MARC21/slim">

  <leader>01932cam a22002538a 4500</leader>
  <controlfield tag="001">MEB014511</controlfield>
  <controlfield tag="003">PILC</controlfield>
  <controlfield tag="005">20150505094743.0</controlfield>
  <controlfield tag="008">                                        </controlfield>
  <datafield tag="020" ind1=" " ind2=" ">
    <subfield code="a">078177019x</subfield>
  </datafield>
  <datafield tag="050" ind1="0" ind2="0">
    <subfield code="a">RT 48 </subfield>
    <subfield code="b">.C294 2006</subfield>
  </datafield>
  <datafield tag="100" ind1=" " ind2=" ">
    <subfield code="a">Carpenito-Moyet, Lynda Juall.</subfield>
  </datafield>
  <datafield tag="245" ind1="0" ind2="0">
    <subfield code="a">Nursing diagnosis :</subfield>
    <subfield code="b">application to clinical practice /</subfield>
    <subfield code="c">[edited by] Lynda Juall Carpenito-Moyet.</subfield>
  </datafield>
  <datafield tag="250" ind1=" " ind2=" ">
    <subfield code="a">11th ed.</subfield>
  </datafield>
  <datafield tag="260" ind1=" " ind2=" ">
    <subfield code="a">Philadelphia :</subfield>
    <subfield code="b">Wolters Kluwer/Lippincott Williams &amp; Wilkins,</subfield>
    <subfield code="c">2006.</subfield>
  </datafield>
  <datafield tag="300" ind1=" " ind2=" ">
    <subfield code="a">xvii, 1002 pages :</subfield>
    <subfield code="b">illustrations ;</subfield>
    <subfield code="c">26 cm.</subfield>
  </datafield>
  <datafield tag="500" ind1=" " ind2=" ">
    <subfield code="a">Includes bibliographical references and index.</subfield>
  </datafield>
  <datafield tag="505" ind1="0" ind2=" ">
    <subfield code="a">Section 1. The Focus of Nursing Care - Nursing diagnoses : issues and controversies -- Development of nursing diagnosis -- Types and components of nursing diagnoses -- Nursing diagnosis : what it is, what it is not -- Planning care with nursing diagnosis -- Eleven steps to putting it all together ; Section 2. Manual of Nursing Diagnoses : Individual nursing diagnoses -- Family/home nursing diagnoses -- Community nursing diagnoses -- Health promotion/wellness nursing diagnoses ; Section 3. Manual of Collaborative Problems : Risks for complications of cardiac/vascular dysfunction -- Risks for complications of respiratory dysfunction -- Risks for complications of metabolic/immune/hematopoietic dysfunction -- Risks for complications of renal/urinary dysfunction -- Risks for complications of neurologic/sensory dysfunction -- Risks for complications of gastrointestinal/hepatic/biliary dysfunction -- Risks for complications of muscular/skeletal dysfunction -- Risks for complications of reproductive dysfunction -- Risks for complications ofmedication therapy adverse effects.</subfield>
  </datafield>
  <datafield tag="650" ind1=" " ind2="0">
    <subfield code="a">Nursing diagnosis.</subfield>
  </datafield>
  <datafield tag="650" ind1="1" ind2="2">
    <subfield code="a">Nursing Diagnosis</subfield>
    <subfield code="v">Outlines.</subfield>
  </datafield>
  <datafield tag="650" ind1="2" ind2="2">
    <subfield code="a">Patient Care Planning</subfield>
    <subfield code="v">Outlines.</subfield>
  </datafield>
  <datafield tag="700" ind1="1" ind2=" ">
    <subfield code="a">Carpenito-Moyet, Lynda Juall.</subfield>
  </datafield>
  <datafield tag="942" ind1=" " ind2=" ">
    <subfield code="2">lcc</subfield>
    <subfield code="c">BK</subfield>
  </datafield>
  <datafield tag="999" ind1=" " ind2=" ">
    <subfield code="c">283826</subfield>
    <subfield code="d">283826</subfield>
  </datafield>
  <datafield tag="952" ind1=" " ind2=" ">
    <subfield code="0">0</subfield>
    <subfield code="1">0</subfield>
    <subfield code="2">lcc</subfield>
    <subfield code="4">0</subfield>
    <subfield code="a">SFU</subfield>
    <subfield code="b">SFU</subfield>
    <subfield code="c">SFU</subfield>
    <subfield code="d">2015-05-05</subfield>
    <subfield code="e">Library Fund</subfield>
    <subfield code="l">0</subfield>
    <subfield code="o">RT 48  .C294 2006</subfield>
    <subfield code="p">SFU1852</subfield>
    <subfield code="r">2018-05-15 00:00:00</subfield>
    <subfield code="w">2015-05-05</subfield>
    <subfield code="y">BK</subfield>
  </datafield>
</record>
